| 000 | 00450 a2200169 4500 | ||
|---|---|---|---|
| 020 | _a0-07-010506-5 | ||
| 020 | _a0-07-113253-8 | ||
| 040 |
_aDLC _bDLC |
||
| 082 | 0 | _a025.3 | |
| 100 | 1 | _aChan, Lois Mai | |
| 245 | 0 | 0 |
_aCataloging and classification : an introduction _cLois Mai Chan |
| 250 | _a2. ed. | ||
| 260 |
_aNew York : _bMcGraw-Hill, _c1994 |
||
| 300 | _a519 s. | ||
| 490 | 0 | _aMcGraw-Hill library science series | |
| 942 |
_cBK _k025.3 CHA _2ddc |
||
| 999 |
_c6869 _d6869 |
||